000 005230000a22001810004500
003 MACL
005 20160311124117.0
008 160311b xxu||||| |||| 00| 0 eng d
040 _aMACL
_cMACL
041 _aHindi
082 _a891.431
100 _aडॉ रामगोपाल शर्मा
_941491
245 _aशशिनाथ विनोद
260 _bराजस्‍थान प्रकाशन
_c1987
_aजयपुर
350 _a25
650 _aPoetry
_944837
942 _cHIN
_k891.431
_2ddc
999 _c28997
_d28997